Ψυχική υγεία του παιδιού και της οικογένειας
Αποθηκεύτηκε σε:
| Κύριος συγγραφέας: | |
|---|---|
| Μορφή: | Βιβλίο |
| Γλώσσα: | Greek |
| Δημοσίευση: |
Αθήνα :
Καστανιώτης,
1996-2000
|
| Σειρά: | Σύγχρονη παιδαγωγική βιβλιοθήκη
|
| Θέματα: | |
| Ετικέτες: |
Προσθήκη ετικέτας
Δεν υπάρχουν, Καταχωρήστε ετικέτα πρώτοι!
|
MARC
| LEADER | 00000cam a2200000 i 4500 | ||
|---|---|---|---|
| 001 | 1/18643 | ||
| 008 | 010319m19962000 gre d | ||
| 020 | |a 960-03-0857-8 (set) | ||
| 035 | |l 10066564 | ||
| 040 | |a GR-MY-UA |b gre |e aacr | ||
| 041 | 0 | |a gre | |
| 082 | 0 | |a 155.4 | |
| 100 | 1 | |a Τσιάντης, Ιωάννης |d 1939- | |
| 245 | 1 | 0 | |a Ψυχική υγεία του παιδιού και της οικογένειας / |c Γιάννης Τσιάντης |
| 260 | |a Αθήνα : |b Καστανιώτης, |c 1996-2000 | ||
| 300 | |a 2 τ. | ||
| 490 | 1 | |a Σύγχρονη παιδαγωγική βιβλιοθήκη | |
| 650 | 0 | 0 | |a Child psychology. |
| 650 | 0 | 0 | |a Child mental health. |
| 650 | 0 | 0 | |a Family |x Mental health. |
| 830 | 0 | |a Σύγχρονη παιδαγωγική βιβλιοθήκη | |
| 852 | |a INST |b RHODES |e 20010319 |h 155.4 ΤΣΙ |p 005400017187 |q 005400017187 |t BK |y 4 |x 20211209 |z τ.2 | ||
| 852 | |a INST |b RHODES |e 20010319 |h 155.4 ΤΣΙ |p 005400017188 |q 005400017188 |t BK |y 4 |x 20211209 |z τ.1 | ||
| 852 | |a INST |b RHODES |e 20040218 |h 155.4 ΤΣΙ |p 005400019675 |q 005400019675 |t BK |y 0 |z τ.1 | ||
| 852 | |a INST |b RHODES |e 20010319 |h 155.4 ΤΣΙ |p 005400017187 |q 005400017187 |t BK |v τ.2: |y 4 |x 20211209 |z τ.2 | ||
| 852 | |a INST |b RHODES |e 20010319 |h 155.4 ΤΣΙ |p 005400017188 |q 005400017188 |t BK |v τ.1: |y 4 |x 20211209 |z τ.1 | ||
| 852 | |a INST |b RHODES |e 20040218 |h 155.4 ΤΣΙ |p 005400019675 |q 005400019675 |t BK |v τ.1: |y 0 |z τ.1 | ||
| 853 | |a INST |b RHODES |h 155.4 ΤΣΙ | ||
| 901 | |a BIBL4-2001-1 | ||
| 922 | |a 4ΕΛΗ |b 200010 |c ΚΠΣ/Ν |d ΠΑΠΑΣΩΤΗΡΙΟΥ | ||
| 970 | |a ΚΟΥΛΑΚΙΟΤΗ |b ΛΙΤΣΑ |z 2001/03/19 | ||